1608 1812 1980 1376 1418 2000 1999 1424 1839 1034 1035 1133 1742 1706 1544 1081 1947 1848 1146 1562 1844 1398 1439 1583 1659 1957 1830 1468 1842 1279 1686 1538 1254 1560 1609 1966 1683 1294 1186 1400 1494 1539 1446 1895 1181 1672 1535 1500 1596 1190 1181 1657 1519 1987 1829 1551 1743 1646 1096 1475 1716 1145 1358 1039 1705 1158 1385 1752 1767 1610 1125 1917 1250 1056 1104 1625 1679 1070 1415 1991 1340 1007 1965 1630 1497 1325 1399 1489 1806 1997 1077 1729 1390 1793 1909 1927 1933 1974 1692 BCNSPRNW ULIB Ver.6.0+V

เปลี่ยนเป็นภาษาไทย

Change to English
 แสดงรายละเอียดบรรณานุกรม
  กลับหน้าหลัก

Brief Record : Get Marc (ISO 2709) : E-mail record : QR code < ปิดหน้าต่าง
LEADER : 00000nam 2200000uu 4500
001    13399128911
003     ULIB
008    241028s2023||||th 000 0 tha d
020    ^a9780702081910
060 04 ^aWQ165^bJ68S
100 1  ^aJohnson, Ruth
245 10 ^aSkills for midwifery practice /^cRuth Johnson, WendyTaylor
250    ^a5th ed.
260    ^aEdinburgh :^bElsevier/Churchill Livingstone,^c2023
300    ^aix, 368 p. :^bill. ;^c25 cm.
504    ^aIncludes bibliographical references and index
650  2 ^aMidwifery^xmethods^vHandbooks
700 1  ^aTaylor, Wendy,^d1956-
945    ^p1793^l0^i011158
999    ^aประนอม เกษจรัล
รายการนี้ยังไม่มีแท็ก
คุณยังไม่ได้ล็อกอิน คุณสามารถมีกิจกรรมร่วมกับเว็บไซต์ได้ แต่ต้องล็อกอินก่อน ::
  ล็อกอิน

รายการสื่อสารสนเทศ

ลำดับที่ ประเภท เลขเรียก/บาร์โค้ด สถานที่ สถานะ
1. วิทยาศาสตร์การแพทย์ และสุขภาพ
หนังสือสำรอง
สถานะ=หนังสือสำรอง
WQ165 J68S ฉ.1 
  Barcode: 011158
ห้องสมุดวิทยาเขตสวรรค์ประชารักษ์
►หนังสือทั่วไป
บนชั้น

รายการใกล้เคียง
    ผู้แต่ง [Johnson, Ruth]

BibComment


ยังไม่เคยถูกคอมเมนท์

คอมเมนท์ทรัพยากรรายการนี้
  คอมเมนท์: Skills for midwi..


 Copyright 2026. Bcnsprnw @Library